| 000 | 00592nam a2200193 a 4500 | ||
|---|---|---|---|
| 001 | 000028239 | ||
| 005 | 20200930031452.0 | ||
| 008 | 110407s1997 dr 000 p spa d | ||
| 040 |
_aDO-SdBNP _bspa _cBNPHU |
||
| 082 |
_axxxx _bP293v |
||
| 100 | 1 |
_aPastora Hernández, Isabel _955234 |
|
| 245 | 1 | 0 |
_aVuelta al silencio reflexivo / _cIsabel Pastora Hernández. |
| 260 |
_aSanto Domingo : _bEdiciones Hipocampo, _c1997. |
||
| 300 |
_a44 p. ; _c21 cm. |
||
| 490 | 1 | _aPoesía | |
| 500 | _aIncluye datos biográficos del autor en la contracubierta. | ||
| 830 | 0 |
_aPoesía _91183 |
|
| 049 | _aBNPD | ||
| 999 |
_c27731 _d27731 |
||